00521nam a22001577a 4500008004100000020001800041050002200059100003100081245006700112250001200179260003700191300003100228521005100259650002900310700002400339170126b xxu||||| |||| 00| 0 eng d a9781577662785 aHD 2326 .S54 2004 aShepherd, William G.d2004 aThe Economics of industrial organization/cWilliam G. Shepherd a5th ed. aUSA:bWaveland press inc,c2004. axiii, 426p.:bill.;c24cm. aIncludes bibliographical references and index. aIndustrial organization. aShepherd, Joanna M.